000 00245nam a2200085Ia 4500
008 170617s9999 xx 000 0 und d
100 _aHadkar- U.B
245 2 _aA Hand book of Practical Physical Pharmacy & Practical Phy. Pharmaceutics
260 _bNirali Pub
260 _c2008
999 _c15300
_d15300